[Event "RUS-ch Higher League (Women) 69th"]
[Site "Yaroslavl"]
[Date "2019.07.03"]
[Round "6"]
[White "Afonasieva, Anna"]
[Black "Tokmakova, Ulyana"]
[Result "0-1"]
[WhiteElo "2303"]
[BlackElo "1878"]
[PlyCount "174"]
[EventDate "2019.06.27"]
[EventType "swiss"]
[EventRounds "9"]
[EventCountry "RUS"]
[SourceTitle "CBM 191 Extra"]
[Source "ChessBase"]
[SourceDate "2019.09.30"]
[SourceVersion "1"]
[SourceVersionDate "2019.09.30"]
[SourceQuality "1"]

1. d4 Nf6 2. Nf3 e6 3. c4 b6 4. g3 Ba6 5. b3 Bb4+ 6. Bd2 Be7 7. Bg2 c6 8. 0-0 d5 9. Ne5 Nfd7 10. Nxd7 Nxd7 11. Nc3 Rc8 12. e4 dxc4 13. Re1 0-0 14. Qe2 Nb8 15. Qe3 Qd7 16. d5 Bc5 17. Qg5 Qd8 18. Qf4 Qe7 19. Rac1 cxb3 20. axb3 e5 21. Qf3 Bd4 22. Ra1 Rcd8 23. dxc6 Bxc3 24. Qxc3 Rc8 25. Rxa6 Nxa6 26. Ra1 Nb8 27. Qb4 Qe6 28. Be3 Nxc6 29. Qa4 Rfd8 30. Bf1 Rc7 31. Rc1 Qd6 32. f4 exf4 33. gxf4 Ne7 34. Rxc7 Qxc7 35. Bc4 Ng6 36. e5 Qe7 37. Be2 Nf8 38. Qe4 f6 39. Bc4+ Kh8 40. e6 b5 41. Bd5 Rxd5 42. Qxd5 Qxe6 43. Qc5 Kg8 44. b4 a6 45. Kf2 Nd7 46. Qc7 f5 47. Bc5 h6 48. Bd4 Nf6 49. Be5 g5 50. Bxf6 Qxf6 51. Qc8+ Kg7 52. Qd7+ Qf7 53. Qd4+ Kg6 54. Qd6+ Qf6 55. Qd2 Qb6+ 56. Kg2 Qc6+ 57. Kg1 Qf3 58. fxg5 hxg5 59. Qd6+ Kh5 60. Qe7 Kg4 61. Qd6 Qe3+ 62. Kg2 Qe4+ 63. Kg1 f4 64. Qd7+ Kh4 65. Qd8 Qe1+ 66. Kg2 Qe2+ 67. Kg1 Qe3+ 68. Kf1 Qc1+ 69. Kf2 Qb2+ 70. Kf3 Qe5 71. Kf2 Qe3+ 72. Kf1 Qc1+ 73. Kf2 Qc3 74. Qd6 Qc2+ 75. Kg1 Qe2 76. Qh6+ Qh5 77. Qd6 Qg4+ 78. Kf2 Qh5 79. Qxa6 Qh8 80. Qd6 Kh3 81. Qd2 Qh4+ 82. Kf1 f3 83. Qb2 Qc4+ 84. Kg1 Qg4+ 85. Kh1 Qg2+ 86. Qxg2+ fxg2+ 87. Kg1 g4 0-1

[Event "RUS-ch Higher League (Women) 69th"]
[Site "Yaroslavl"]
[Date "2019.07.01"]
[Round "5"]
[White "Tokmakova, Ulyana"]
[Black "Utiatskaja, Irina"]
[Result "1/2-1/2"]
[WhiteElo "1878"]
[BlackElo "2192"]
[PlyCount "80"]
[EventDate "2019.06.27"]
[EventType "swiss"]
[EventRounds "9"]
[EventCountry "RUS"]
[SourceTitle "CBM 191 Extra"]
[Source "ChessBase"]
[SourceDate "2019.09.30"]
[SourceVersion "1"]
[SourceVersionDate "2019.09.30"]
[SourceQuality "1"]

1. e4 c5 2. b3 d6 3. Bb2 Nf6 4. Nc3 g6 5. Bb5+ Nc6 6. Nd5 Bg7 7. Nxf6+ exf6 8. Ne2 0-0 9. 0-0 Re8 10. Ng3 h5 11. Re1 a6 12. Bc4 Bg4 13. f3 Be6 14. Nf1 Ne5 15. Ne3 Nxc4 16. bxc4 Qd7 17. Nd5 Bxd5 18. cxd5 f5 19. Bxg7 Kxg7 20. d4 fxe4 21. fxe4 cxd4 22. Qxd4+ Kg8 23. c4 Rac8 24. e5 dxe5 25. Rxe5 Rxe5 26. Qxe5 Rxc4 27. Rd1 Qg4 28. Qe8+ Kg7 29. Qe5+ f6 30. Qe7+ Kh6 31. Qe3+ Qg5 32. Qe7 Qf4 33. d6 Rc1 34. Rxc1 Qxc1+ 35. Kf2 Qd2+ 36. Kf3 Qd5+ 37. Kf2 Qd2+ 38. Kf3 Qd5+ 39. Kf2 Qd2+ 40. Kf3 Qd5+ 1/2-1/2

[Event "RUS-ch Higher League (Women) 69th"]
[Site "Yaroslavl"]
[Date "2019.06.28"]
[Round "2"]
[White "Tokmakova, Ulyana"]
[Black "Markelova, Lubov"]
[Result "0-1"]
[WhiteElo "1878"]
[BlackElo "2186"]
[PlyCount "70"]
[EventDate "2019.06.27"]
[EventType "swiss"]
[EventRounds "9"]
[EventCountry "RUS"]
[SourceTitle "CBM 191 Extra"]
[Source "ChessBase"]
[SourceDate "2019.09.30"]
[SourceVersion "1"]
[SourceVersionDate "2019.09.30"]
[SourceQuality "1"]

1. c4 c6 2. Qa4 Nf6 3. Nc3 g6 4. Nf3 Bg7 5. g3 0-0 6. Bg2 d6 7. d4 Nbd7 8. Qc2 e5 9. 0-0 Re8 10. dxe5 dxe5 11. Bg5 h6 12. Be3 Qe7 13. Rad1 Nf8 14. h3 Bf5 15. Qc1 g5 16. g4 Bh7 17. Nd2 Ne6 18. Nde4 Nf4 19. Bc5 Nxe4 20. Bxe7 Nxc3 21. Kh2 Ncxe2 22. Qe3 Nxg2 23. Kxg2 Nf4+ 24. Kh2 Rxe7 25. Qc5 Rae8 26. Qxa7 Bd3 27. Rfe1 Bxc4 28. b3 Bd5 29. Qc5 e4 30. Qe3 Be5 31. Kg1 Ng6 32. Re2 Bf4 33. Qc3 e3 34. fxe3 Bxe3+ 35. Kf1 Bf3 0-1

[Event "Dvorkovich Memorial op"]
[Site "Taganrog"]
[Date "2018.01.21"]
[Round "7"]
[White "Tokmakova, Ulyana"]
[Black "Bocharova, Ulyana"]
[Result "0-1"]
[WhiteElo "1625"]
[BlackElo "1874"]
[PlyCount "167"]
[EventDate "2018.01.15"]
[EventType "swiss"]
[EventRounds "9"]
[EventCountry "RUS"]
[SourceTitle "CBM 182 Extra"]
[Source "ChessBase"]
[SourceDate "2018.02.23"]
[SourceVersion "1"]
[SourceVersionDate "2018.02.23"]
[SourceQuality "1"]

1. e4 d5 2. exd5 Qxd5 3. Nc3 Qa5 4. d4 c6 5. Nf3 Nf6 6. Bc4 Bf5 7. Bd2 Qc7 8. 0-0 e6 9. Re1 Bd6 10. a4 Nbd7 11. Bg5 0-0 12. Qe2 Bb4 13. Bd3 Bxd3 14. Qxd3 a6 15. Ne5 c5 16. Nxd7 Nxd7 17. d5 c4 18. Qd4 Bxc3 19. bxc3 exd5 20. Qxd5 Nb6 21. Qf3 Rfe8 22. a5 Na4 23. g3 Qxa5 24. Qxb7 Qb5 25. Rxe8+ Rxe8 26. Qf3 h6 27. Bf4 Nb6 28. Qb7 Na4 29. Qf3 Nc5 30. Be3 Ne6 31. Bd4 a5 32. Ra3 Rd8 33. Qe4 Re8 34. Qf3 a4 35. Qd1 Qc6 36. f4 Nc5 37. Ra1 Ne4 38. Be5 f6 39. Bd4 Ra8 40. Qc1 Qd6 41. Qa3 Qd5 42. Qb4 Nd2 43. Rxa4 Rxa4 44. Qxa4 Nf3+ 45. Kf2 Nxh2 46. Qe8+ Kh7 47. Qe2 h5 48. Be3 Ng4+ 49. Ke1 Kg6 50. Bd4 Qh1+ 51. Kd2 Qc6 52. Ke1 Kf5 53. Kd2 Qd5 54. Kc1 Qe6 55. Qd2 Qe4 56. Bc5 Kg6 57. Bd4 Nh6 58. Bc5 Nf5 59. Bf2 Qf3 60. Qe1 Nd6 61. Kb2 Ne4 62. Bd4 Nxg3 63. Qe8+ Kh7 64. Bxf6 Qxf4 65. Be5 Qe4 66. Qe7 Nf5 67. Qe8 Qg4 68. Qd7 Qg6 69. Qc7 Ne3 70. Ka1 Nxc2+ 71. Kb2 Ne3 72. Ka1 Qg1+ 73. Kb2 Qg6 74. Ka1 h4 75. Bf4 Nd5 76. Qxc4 Qg1+ 77. Kb2 Qf2+ 78. Kb3 Nxf4 79. Qe4+ Ng6 80. Qd5 Qe2 81. c4 h3 82. Kb4 h2 83. Kb5 Qe5 84. Qxe5 0-1

[Event "Dvorkovich Memorial op"]
[Site "Taganrog"]
[Date "2018.01.16"]
[Round "2"]
[White "Tokmakova, Ulyana"]
[Black "Dida, Igor"]
[Result "0-1"]
[WhiteElo "1625"]
[BlackElo "1859"]
[PlyCount "86"]
[EventDate "2018.01.15"]
[EventType "swiss"]
[EventRounds "9"]
[EventCountry "RUS"]
[SourceTitle "CBM 182 Extra"]
[Source "ChessBase"]
[SourceDate "2018.02.23"]
[SourceVersion "1"]
[SourceVersionDate "2018.02.23"]
[SourceQuality "1"]

1. e4 c5 2. Nf3 Nc6 3. d4 cxd4 4. Nxd4 Nf6 5. Nc3 a6 6. Nxc6 bxc6 7. e5 Ng8 8. Bc4 e6 9. 0-0 Qh4 10. Qe2 f5 11. Be3 Nh6 12. f3 Bb4 13. Na4 0-0 14. Nb6 Rb8 15. Nxc8 Rfxc8 16. Bxa6 Rc7 17. Rfd1 f4 18. Bf2 Qe7 19. c3 Bc5 20. Bd3 Bxf2+ 21. Qxf2 Nf7 22. Re1 Ra8 23. b4 Ra3 24. Rac1 Rca7 25. Bc4 Ng5 26. Qd4 Qf7 27. h4 Nxf3+ 28. gxf3 Qg6+ 29. Kh1 Qg3 30. Re2 Qxf3+ 31. Rg2 Qh3+ 32. Kg1 f3 33. Rg4 f2+ 34. Kxf2 Rxa2+ 35. Bxa2 Rxa2+ 36. Ke1 Qh2 37. Qe3 h5 38. Rf4 Qh1+ 39. Rf1 Qxh4+ 40. Kd1 Qg4+ 41. Qf3 Qg5 42. Qd3 Qg4+ 43. Rf3 Rf2 0-1

[Event "RUS-chT U14 Girls"]
[Site "Sochi"]
[Date "2017.05.08"]
[Round "6.2"]
[White "Tokmakova, Ulyana"]
[Black "Ilyina, Lada"]
[Result "0-1"]
[WhiteElo "1315"]
[BlackElo "1670"]
[PlyCount "54"]
[EventDate "2017.05.01"]
[EventType "team-tourn"]
[EventRounds "7"]
[EventCountry "RUS"]
[SourceTitle "CBM 178 Extra"]
[Source "ChessBase"]
[SourceDate "2017.06.22"]
[SourceVersion "1"]
[SourceVersionDate "2017.06.22"]
[SourceQuality "1"]

1. Nf3 d5 2. d4 Nf6 3. c4 c6 4. e3 e6 5. Nc3 Nbd7 6. a3 Bd6 7. Bd3 dxc4 8. Bxc4 b5 9. Bd3 a6 10. 0-0 c5 11. Ne4 Be7 12. dxc5 Nxc5 13. Nxc5 Bxc5 14. b4 Be7 15. Bb2 Bb7 16. Nd4 Qd5 17. f3 Rd8 18. e4 Qg5 19. Qe2 Nh5 20. g3 Nf4 21. Qc2 e5 22. Nf5 Nxd3 23. h4 Qf6 24. Qc7 Bc8 25. Rfd1 Bxf5 26. exf5 Nxb2 27. Rxd8+ Bxd8 0-1